| 000 | 00644nam a22002177a 4500 | ||
|---|---|---|---|
| 001 | 19429 | ||
| 003 | BD-RjUL | ||
| 005 | 20211209000430.0 | ||
| 008 | 140224s1969 enk 000 0 eng d | ||
| 035 | _a(BD-RjUL)19489 | ||
| 040 |
_aBD-RjUL _beng _cBD-RjUL |
||
| 041 | _aeng | ||
| 082 |
_a822.33 _bSHD 1969 |
||
| 100 | 1 |
_aShakespeare, William _959707 |
|
| 245 |
_aDr. Johnson on Shakespeare / _cedited by W. K. Wimsatt |
||
| 260 |
_aLondon : _bPenguin Books, _cc1969. |
||
| 300 |
_a153 p. ; _c18 cm. |
||
| 650 | 0 |
_aShakespeare, William, _vCriticism and interpretation. _y1564-1616 _959708 |
|
| 700 | 1 |
_aWimsatt, W. K. _959709 |
|
| 942 |
_2ddc _cBK |
||
| 999 |
_c19429 _d19429 |
||